000 01036nam a2200265 4500
040 _cNSHS
082 _a297.1227
_bSUR
110 0 _aShāh Fahad Qurʼān Sharīf Priṇṭiṅg Kāmpleks
_9130273
245 _aSūrah Fātiḥah wa Juzʼ ʻAmma māʻa Urdū tarjuma wa tafsīr /
_cShāh Fahad Qurʼān Sharīf Priṇṭiṅg Kāmpleks.
246 _aSurah Fatiha wa juz Amma Maa Urdu Tarjumah wa tafsir
246 _aUrdu Translation of Surah Fatiha
246 _aSurah Fatiha
260 _a[al-Madīnah al-Munawwarah] :
_bShāh Fahad Qurʼān Sharīf Priṇṭiṅg Kāmpleks,
_c[n.d.]
300 _a91 pages.
500 _aDC010725
500 _aReligion
546 _aIn Urdu
650 0 _aQurʼan. Sūrat al-Fātiḥah
_xCommentaries.
_9130274
650 0 _aQurʼan. Juzʼ ʻAmma
_xCommentaries.
_9130275
650 0 _aQurʼan
_xTranslations into Urdu.
_9130276
650 0 _aIslam
_xDoctrines.
_91634
650 0 _aQurʼanic exegesis
_xUrdu.
_9130277
942 _2ddc
_cBK
999 _c614450
_d614450